|
|
|
|
| LEADER |
01587nam a22003137a 4500 |
| 001 |
33021 |
| 003 |
BD-DhAAL |
| 005 |
20260111141628.0 |
| 008 |
180422t2008 bg a b 00| 0 ben d |
| 020 |
|
|
|a 9840747010
|
| 040 |
|
|
|a BD-DhAAL
|c BD-DhAAL
|
| 041 |
|
|
|a ben
|
| 082 |
|
|
|a 954.9205
|2 22
|
| 100 |
|
|
|a জাহান, এমরান.
|9 25670
|
| 245 |
|
|
|a বাংলাদেশের স্বাধীনতা সংগ্রাম :
|b ইতিহাস ও সংবাদপত্র :
|n ১৯৪৭-১৯৭১ /
|c এমরান জাহান.
|
| 246 |
|
|
|a Bangladesher shadinata songram :
|b itihas o songbadpotra : 1947-1971
|
| 246 |
|
|
|a The liberation of freedom of Bangladesh :
|b history and newspaper : 1947-1971
|
| 250 |
|
|
|a প্রথম প্রকাশ.
|
| 260 |
|
|
|a ঢাকা :
|b বাংলা একাডেমী,
|c ২০০৮.
|
| 300 |
|
|
|a চৌদ্দ, ২৬৩ পৃষ্ঠা :
|b চিত্র ;
|c ২২ সে.মি.
|
| 504 |
|
|
|a বিবলিওগ্রাফী অন্তর্ভুক্ত
|
| 526 |
|
|
|a AAL
|
| 541 |
|
|
|e 33021
|a Development Book Agency
|
| 651 |
|
|
|a Bangladesh
|x History
|y Revolution, 1971
|9 25616
|
| 651 |
|
|
|a বাংলাদেশ
|x ইতিহাস
|y মুক্তিযুদ্ধ, ১৯৭১
|9 25617
|
| 852 |
|
|
|a Ayesha Abed Library
|
| 942 |
|
|
|2 ddc
|c BK
|
| 999 |
|
|
|c 39288
|d 39288
|
| 952 |
|
|
|0 0
|1 0
|2 ddc
|4 0
|6 954_920500000000000_JAH
|7 0
|9 63221
|a BRACUL
|b BRACUL
|c BNC
|d 2018-04-18
|e Development Book Agency
|g 136.00
|l 1
|m 7
|o 954.9205 JAH
|p 3010033021
|r 2019-01-20
|s 2018-12-08
|t 1
|v 160.00
|w 2018-04-18
|y BK
|